Statistics for Capitals of Countries With More Than One Capital

Click here to take the quiz!

General Stats

  • This quiz has been taken 134 times
  • The average score is 5 of 7

Answer Stats

Country% Correct
Pretoria
91%
Cape Town
89%
La Paz
83%
Sucre
80%
Bloemfontein
74%
Porto-Novo
51%
Cotonou
38%

Score Distribution

Percentile by Number Answered

Percent of People with Each Score

Your Score History

You have not taken this quiz